Представление документа в формате RUSMARC

ПолеНазваниеЗначение
  Тип записи a
  Библиографический уровень m
001 Контрольный номер 6e0337a513fb4ca896dbf02976869bc1
005 Дата корректировки 20140621131226.8
010 Индекс ISBN __
a ISBN 0234-543-9-50
200 Заглавие и сведения об ответственности 1_
a Заглавие Региональные и местные налоги:практика применения
f Первые сведения об ответственности Ред.-сост.И.Н.Мозжорина
210 Выходные данные 1_
a Место издания М.
c Издательство Главбух
d Дата издания 2003
215 Физическое описание __
a Объем 124 с.
225 Серия 2_
a Серия Бухгалтерская панорама
610 Ключевые слова 0_
a Ключевые слова налоги
610 Ключевые слова 0_
a Ключевые слова региональные налоги
610 Ключевые слова 0_
a Ключевые слова местные налоги
610 Ключевые слова 0_
a Ключевые слова исчисление налогов
610 Ключевые слова 0_
a Ключевые слова сборы
610 Ключевые слова 0_
a Ключевые слова закон РФ
686 Индексы других классификаций __
a Классификационный индекс 65.9(2)261.413
2 Код системы rubbk
686 Индексы других классификаций __
a Классификационный индекс 67.622.2
2 Код системы rubbk
801 Источник записи _0
a Страна RU
b Организация РУК
c Дата составления 20030621
g Правила каталогизации PSBO
801 Источник записи _1
a Страна RU
b Организация РУК
c Дата составления 20030621
g Правила каталогизации PSBO
852 Данные о местонахождении __
i Авторский знак Р32
j Шифр хранения ББК 65.9(2)26
901 Тип документа __
t Тип документа m
938 Служебная информация __
a Название организации Головной вуз
b Имя БД BOOK
c Название АИБС АИБС ИРБИС